000
00342pab a2200145 454500
008
180718b1988 xxu||||| |||| 00| 0 eng d
100
_a
Chaturvedi, J.P.
245
_a
Why journalists detest Defamation Bill
260
_c
1988
300
_a
27-30
362
_a
17 Sept.
650
_a
Press - India
773
_a
Mainstream
909
_a
16015
999
_c
16015
_d
16015